| 000 | 01191cam a2200277 4500 | ||
|---|---|---|---|
| 001 | WB3843-07 | ||
| 008 | 021119n2002 000 0 eng u | ||
| 035 | _a(Sirsi) u120508 | ||
| 245 | _aLatest Scottish housing trends published | ||
| 260 | _c2002 | ||
| 490 |
_aScottish Executive News Release _v19 November 2002, (2) |
||
| 520 | _a"Housing trends in Scotland: quarter ending 30 June 2002" presents the latest quarterly information on public sector house sales, new house building and local authority lettings and evictions. It also contains annual information on special needs housing and right to buy sales as well as the latest national estimate of dwelling stock by tenure. Copies can be obtained priced £2.00 from The Stationery Office Shop South Gyle Road Edinburgh EH12 9EB http://www.scotland.gov.uk/pages/news/2002/11/SEsj083.aspx | ||
| 590 | _aWB | ||
| 650 | _aEVICTIONS | ||
| 650 | _aSPECIAL NEEDS HOUSING | ||
| 650 | _aHOUSING STOCK | ||
| 650 | _aLETTINGS | ||
| 650 | _aRIGHT TO BUY | ||
| 650 | _aPUBLIC SECTOR HOUSING | ||
| 650 | _aSCOTLAND | ||
| 650 | _aHOUSE SALES | ||
| 650 | _aNEW HOUSING | ||
| 650 | _aSTATISTICS | ||
| 690 | _aHOUSING | ||
| 942 | _n0 | ||
| 999 |
_c71591 _d71591 |
||